00638 2200241 4500001002100000005001700021008004100038020002200079035002400101040001200125041000800137082000800145084001400153100002000167245004300187250001000230260004500240300004000285600001800325650001900343990001700362990001700379YOGYA-0113000000175320170118102936.0 ind  a978-979-1273-66-4 0010-011300000001753 aYOPDYOG aInd a297 a297 Sal D aSALIM A. FILLAH aDalam dekapan ukhuwahcSalim A. Fillah aEd. V aYogyakartabYogyakarta Pro U Mediac2010 a471 hlm. :bilus. ;c20 cm. (2 eks) aYusuf Maulana aIman ( Islam ) a235-RBM/B.12 a236-RBM/B.12